00145 a2200073 45000010005000001000015000052450034000202600017000543722 ahusain S I aEconomic problems of Pakistan abDin Muhac